Biblioteca

Las rimas de Bard / Susana del moral (Registro nro. 48403)

Detalles MARC
000 -LÍDER
Campo fijo de descripción fija 003250000a22001450004500
020 ## - NÚMERO INTERNACIONAL NORMALIZADO PARA LIBROS
Número Internacional Normalizado del libro 970-718-304-7
082 04 - NÚMERO DE CLASIFICACIÓN DECIMAL DEWEY
Número de clasificación B Ei68r
001 - NÚMERO DE CONTROL
Campo de control 1232
110 1# - ASIENTO PRINCIPAL--NOMBRE CORPORATIVO
Nombre corporativo o de jurisdicción como elemento de entrada Baby Einstein
245 10 - TÍTULO
Título del Material Las rimas de Bard / Susana del moral
300 ## - DESCRIPCIÓN FÍSICA
Extensión [ 14 P. ]
500 ## - NOTA GENERAL
Nota General Texto con solapas
650 14 - ASIENTO SECUNDARIO DE MATERIA - TERMINO TEMÁTICO
Término temático o nombre geográfico como elemento de entrada Literatura Infantil
942 ## - TIPO DE MATERIAL (KOHA)
Tipo de Item KOHA Z- Libro General BINCO
Existencias
Estado de Material Estado de Perdido Volumen-Parte/Tomo Estado de Dañado No para Préstamo Tomo Biblioteca de Origen Biblioteca Permanente Fecha de Adquisición Total de Préstamos Signatura Topográfica Código de Barras Última vez visto Ejemplar/Existencia Fecha de Remplazo Tipo de Material
            Biblioteca Infantil Comunitaria BINCO Biblioteca Infantil Comunitaria BINCO 27/08/2007   B Ei68r B31617 24/11/2016 1 26/01/2016 Z- Libro General BINCO

Biblioteca FUSBC | Teléfono: (57+4) 349 88 10 Ext. 141| WhatsApp (+57) 3005338115 
E-mail: biblioteca@unisbc.edu.co | Calle 76 87-14 Robledo Palenque, Medellín, Colombia

Con tecnología Koha